000
00387nam a22001697a 4500
003
MPLRDC
005
20220104114053.0
008
210129b ||||| |||| 00| 0 eng d
082
_a
831.4 ZZS
100
_a
张子深
245
_a
唐诗杰作欣赏
_c
250
_a
初版
260
_a
_b
青春出版社
_c
1966
300
_b
平
650
_a
唐诗总集
942
_c
BK
_o
831.4 ZZS
999
_c
4573
_d
4563